Normal view
MARC view
- Lind, Rick,
Entry Personal Name
001 - CONTROL NUMBER
- control field: 111101
003 - CONTROL NUMBER IDENTIFIER
- control field: NUST
005 - DATE AND TIME OF LATEST TRANSACTION
- control field: 20230322140813.0
008 - FIXED-LENGTH DATA ELEMENTS
- fixed length control field: 230322|| aca||aabn | a|a d
040 ## - CATALOGING SOURCE
- Original cataloging agency: NUST
- Transcribing agency: NUST
100 ## - HEADING--PERSONAL NAME
- Personal name: Lind, Rick,
- Dates associated with a name: 1968-
670 ## - SOURCE DATA FOUND
- Source citation: Work cat.: (NUST)0: Lind, Rick, 1968-, Robust aeroservoelastic stability analysis :, c1999.
